El sacramento de la penitencia: fundamentos históricos de su regulación actual

Gespeichert in:
Bibliographische Detailangaben
1. Verfasser: González del Valle Cienfuegos, José María (VerfasserIn)
Format: Buch
Sprache:Spanisch
Veröffentlicht: Pamplona EUNSA 1972
Schlagworte:
Tags: Tag hinzufügen
Keine Tags, Fügen Sie den ersten Tag hinzu!

MARC

LEADER 00000nam a2200000 a 4500
001 UCX2552
003 CL-VaPUC
008 910621e19720000SP |||||||||||||||||spa|d
082 0 4 |a 234.166  |b GON  |2 21 
100 |a González del Valle Cienfuegos, José María  |e author  |9 296007 
245 1 3 |a El sacramento de la penitencia: fundamentos históricos de su regulación actual 
300 |a 259 p 
942 |c BK 
945 |d 19910621 00:00:00 
260 |a Pamplona  |b EUNSA  |c 1972 
650 7 |a PENITENCIA SACRAMENTO  |2 CL-VaPUC  |9 255053 
583 |a last modification  |c 19910621 00:00:00  |k Rodrigo Vera 
999 |c 223545  |d 223543 
952 |0 0  |1 0  |4 0  |6 234_166000000000000_GON_1972  |7 0  |8 A  |9 219460  |a BIBTEO  |b BIBTEO  |d 2019-11-15  |i 288190K  |o 234.166 GON 1972  |p 288190K  |r 2025-01-17  |w 2019-11-15  |y BK  |k ICR 
952 |0 0  |1 0  |4 0  |6 234_166000000000000_GON_1972  |7 0  |8 DER_HDC  |9 219461  |a BIBDER  |b BIBDER  |d 2019-11-15  |i 189207K  |o 234.166 GON 1972  |p 189207K  |r 2023-01-25  |w 2019-11-15  |x Ubicación 4to Piso  |y BK  |z Estos recursos deben solicitarse con anticipación  |k DER